| 000 | 01324nam a2200241Ia 4500 | ||
|---|---|---|---|
| 003 | Ost | ||
| 005 | 20260507075649.0 | ||
| 008 | 260507s9999||||xx |||||||||||||| ||und|| | ||
| 040 | _cfsecg | ||
| 041 | _aara | ||
| 082 | _a301.072 | ||
| 100 |
_aجلبي، علي عبد الرازق _eمؤلف |
||
| 245 | 0 |
_aالبحث العلمي الإجتماعي : _bلغته ومداخله، مناهجه وطرائقه / _c علي عبد الرازق جلبي |
|
| 260 |
_aالإسكندرية: _bدار المعرفة الجامعية, _c2003 |
||
| 300 |
_a378 صفحة؛ _bإيضاحات ؛ _c24 سم |
||
| 504 | _aالمراجع ص.378 | ||
| 520 | _aلغة البحث العلمي الإجتماعي ومكونات النظرية العلمية- أنواع المعرفة وقواعدها- استخدام المنهج العلمي( النشأة والتطور)- مداخل دراسة المجتمع- مناهج البحث العلمي الإجتماعي- طرق دراسة المجتمع- أدوات جمع البيانات- عينة البحث الإجتماعي. | ||
| 653 | _aالبحث الإجتماعي | ||
| 653 | _aالبحث العلمي | ||
| 653 | _aعلم الإجتماع- مناهج البحث | ||
| 700 |
_aالسيد، السيد عبد العاطي وآخرون _eمؤلف ثانوي |
||
| 942 | _cكتاب | ||
| 999 |
_c45560 _d45560 |
||